Flourishing women in India / (Record no. 90623)

MARC details
000 -LEADER
fixed length control field 00590nam a22001937a 4500
005 - DATE AND TIME OF LATEST TRANSACTION
control field 20150113112526.0
010 ## - LCCN (DPL NO)
LC control number ENG-111468
020 ## - INTERNATIONAL STANDARD BOOK NUMBER
International Standard Book Number 9788174877475
Terms of availability 495.00
035 ## - SYSTEM CONTROL NUMBER
System control number EN-95000
037 ## - SOURCE OF ACQUISITION
Source of stock number/acquisition DABD/PUB
082 00 - DEWEY DECIMAL CLASSIFICATION NUMBER
Classification number 305.420954
245 ## - TITLE STATEMENT
Title Flourishing women in India /
Statement of responsibility, etc edited by Shivali Agarwal [and] Indu Sharma
260 ## - PUBLICATION, DISTRIBUTION, ETC. (IMPRINT)
Place of publication, distribution, etc New Delhi
Name of publisher, distributor, etc Radha Publications
Date of publication, distribution, etc 2011
270 ## - ADDRESS
Address 4231/1, Ansari Road, Daryaganj
City New Delhi
Postal code 110002
300 ## - PHYSICAL DESCRIPTION
Extent 204p.
Dimensions 22cm(Hb)
700 ## - ADDED ENTRY--PERSONAL NAME
Personal name Agarwal, Shivali
700 ## - ADDED ENTRY--PERSONAL NAME
Personal name Sharma, Indu
942 ## - ADDED ENTRY ELEMENTS (KOHA)
Source of classification or shelving scheme Dewey Decimal Classification
Item type English Books
Call number suffix FLO
Classification part 305.420954
Holdings
Withdrawn status Lost status Not for loan Collection code Home library Current library Date acquired Source of acquisition Cost, normal purchase price Full call number Barcode Copy number Cost, replacement price Koha item type
    Not For Loan Non-fiction D.B.Act.Division D.B.Act.Division 13/01/2015 DBAD/PUB 495.00 305.420954 FLO EN-95000 1 495.00 English Books

© Delhi Public Library
Hit Counter
free hit counter